| 000 | 00877cam a22003133a 4500 | ||
|---|---|---|---|
| 001 | 350 | ||
| 003 | PGUSA | ||
| 005 | 20140828082947.0 | ||
| 008 | 080703s2008||||xxu|||||s|||||000 1 eng d | ||
| 040 |
_aPGUSA _beng |
||
| 042 | _adc | ||
| 050 | 4 | _aPS | |
| 100 | 1 |
_aFerber, Edna, _d1885-1968 |
|
| 245 | 1 | 0 |
_aFanny Herself _h[electronic resource] / _cEdna Ferber |
| 260 |
_bProject Gutenberg, _c2008 |
||
| 506 | _aPublic domain in the USA. | ||
| 516 | _aElectronic text | ||
| 653 | _aAutobiographical fiction | ||
| 653 | _aMothers and daughters -- Fiction | ||
| 653 | _aJewish fiction | ||
| 653 | _aJewish families -- Fiction | ||
| 653 | _aWisconsin -- Fiction | ||
| 653 | _aJewish girls -- Fiction | ||
| 653 | _aBildungsromans | ||
| 653 | _aDomestic fiction | ||
| 830 | 0 |
_aProject Gutenberg _v350 |
|
| 856 | 4 | 0 | _uhttp://www.gutenberg.org/ebooks/350 |
| 942 | _cEB | ||
| 999 |
_c229701 _d229701 |
||